Rural transport of food products in Latin America and the Caribbean / (Record no. 11592)

000 -LEADER
fixed length control field 00818cam a22002297a 4500
020 ## - INTERNATIONAL STANDARD BOOK NUMBER
ISBN 9789251052204
040 ## - CATALOGING SOURCE
Transcribing agency ORE
082 ## - DEWEY DECIMAL CLASSIFICATION NUMBER
Classification number 338 FOO 2008 A016 Or.
245 00 - TITLE STATEMENT
Title Rural transport of food products in Latin America and the Caribbean /
260 ## - PUBLICATION, DISTRIBUTION, ETC. (IMPRINT)
Place of publication Rome :
Name of publisher Food and Agriculture Organization of the United Nations,
Year of publication 2008.
300 ## - PHYSICAL DESCRIPTION
Number of Pages xi, 131 p. :
Other physical details col. ill. ;
Dimensions 30 cm.
490 0# - SERIES STATEMENT
Series statement FAO agricultural services bulletin,
650 #0 - SUBJECT ADDED ENTRY--TOPICAL TERM
Topical Term Food
650 #0 - SUBJECT ADDED ENTRY--TOPICAL TERM
Topical Term Food
650 #0 - SUBJECT ADDED ENTRY--TOPICAL TERM
Topical Term Rural transportation
650 #0 - SUBJECT ADDED ENTRY--TOPICAL TERM
Topical Term Rural transportation
700 1# - ADDED ENTRY--PERSONAL NAME
Personal name León y de León, Leonardo Felicito de.
710 2# - ADDED ENTRY--CORPORATE NAME
Corporate name or jurisdiction name as entry element Food and Agriculture Organization of the United Nations.
856 41 - ELECTRONIC LOCATION AND ACCESS
Uniform Resource Identifier http://www.loc.gov/catdir/toc/fy1001/2008437690.html
856 41 - ELECTRONIC LOCATION AND ACCESS
Uniform Resource Identifier http://www.fao.org/docrep/010/y5711e/y5711e00.htm
942 ## - ADDED ENTRY ELEMENTS (KOHA)
Koha item type សៀវភៅភាសាអង់គ្លេស
952 ## - LOCATION AND ITEM INFORMATION (KOHA)
Withdrawn status [LOCAL, KOHA] 0
Holdings
Permanent Location Date acquired Koha item type Lost status Shelving location Barcode Current Location Full call number
Library Block A2017-08-03សៀវភៅភាសាអង់គ្លេស A016RUA056859Library Block A338 FOO 2008 A016 Or.
មជ្ឈមណ្ឌលឯការនៃសាកលវិទ្យាល័យភូមិន្ទកសិកម្មចំការដូង

Powered by Koha